<?xml version="1.0" encoding="UTF-8"?>
<marc:record xmlns:marc="http://www.loc.gov/MARC21/slim">
   <marc:leader>00000nam a2200000 a 4500</marc:leader>
   <marc:datafield ind1="0" ind2="0" tag="245">
      <marc:subfield code="a">Funkelschöne Weihnachtszeit</marc:subfield>
   </marc:datafield>
   <marc:datafield ind1=" " ind2="1" tag="264">
      <marc:subfield code="a">Bindlach</marc:subfield>
      <marc:subfield code="b">Loewe</marc:subfield>
      <marc:subfield code="c">2017</marc:subfield>
   </marc:datafield>
   <marc:datafield ind1=" " ind2=" " tag="250">
      <marc:subfield code="a">Erste Auflage</marc:subfield>
   </marc:datafield>
   <marc:datafield ind1="1" ind2=" " tag="520">
      <marc:subfield code="a">Drei bezaubernde Bilderbuchgeschichten über die wundervollste Zeit des Jahres. Doch was bedeutet eigentlich Weihnachten? Da sind sich die Tiere im Wald uneins und haben ganz unterschiedliche Vorstellungen von Heiligabend. Auch die Pinguine verstehen nicht, warum die Wünsche aller Kinder in einem Buch gesammelt werden. Und die Himmelskinder haben leider vergessen, warum sie auf die Erde geschickt wurden. Ob sie sich erinnern können, dass sie Gottes Segen zu den Menschen bringen wollten?</marc:subfield>
   </marc:datafield>
   <marc:datafield ind1=" " ind2=" " tag="020">
      <marc:subfield code="a">9783785586129</marc:subfield>
      <marc:subfield code="9">9783785586129</marc:subfield>
   </marc:datafield>
   <marc:datafield ind1=" " ind2=" " tag="020">
      <marc:subfield code="a">3785586124</marc:subfield>
      <marc:subfield code="9">3785586124</marc:subfield>
   </marc:datafield>
   <marc:datafield ind1=" " ind2=" " tag="300">
      <marc:subfield code="a">96 gezählte Seiten : überw. Ill.</marc:subfield>
   </marc:datafield>
</marc:record>
